Dexter Villains (Pictured) - Statistics

General Stats
  • This quiz has been taken 268 times
  • The average score is 15 of 35
Answer Stats
Picture Answer % Correct
Brian Moser/Ice truck killer
99%
James Doakes
96%
Arthur Mitchell/Trinity killer
95%
Miguel Prado
92%
Maria LaGuerta
89%
Lila West
82%
Travis Marshall/Doomsday Killer
81%
Oliver Saxon/the brain surgeon
73%
Jordan Chase
65%
George King/the skinner
61%
Isaak Sirko
55%
Little Chino
54%
Gareth Pike/The gemini killer
43%
Kurt Caldwell/The Runaway killer
43%
Ronald Schmidt/the Dark passenger
41%
Leon Prater
40%
Stan Liddy
38%
Hector Estrada
34%
Mia Lapierre/Lady Vengeance
34%
Al Walker/Rapunzel
31%
Lowell Sloane/The Tattoo Collector
28%
Walter Kenney/the tooth fairy
28%
Ray Speltzer
24%
Aaron Spencer
21%
Nurse Mary
18%
Charley Brown
16%
Matt Caldwell
14%
Santos Jimenez
14%
Mike Donovan
12%
Zoey Kruger
10%
Clemson Galt
6%
AJ Yates
5%
Emmet Meridian
5%
Ken Olson
3%
Roger Hicks
3%
No matching quizzes found
Score Distribution
Percent of People with Each Score
Percentile by Number Answered
Your Score History
You have not taken this quiz